Applied Multivariate Statistical Analysis Vol 2 (Record no. 43616)

MARC details
000 -LEADER
fixed length control field 00445nam a22001577a 4500
005 - DATE AND TIME OF LATEST TRANSACTION
control field 20250416143746.0
008 - FIXED-LENGTH DATA ELEMENTS--GENERAL INFORMATION
fixed length control field 250411b |||||||| |||| 00| 0 eng d
041 ## - LANGUAGE CODE
Language code of text/sound track or separate title eng
082 ## - DEWEY DECIMAL CLASSIFICATION NUMBER
Classification number 519.535 MAX
100 ## - MAIN ENTRY--PERSONAL NAME
Author Maxwell, Nancy
245 ## - TITLE STATEMENT
Title Applied Multivariate Statistical Analysis Vol 2
260 ## - PUBLICATION, DISTRIBUTION, ETC.
Place USA
Publisher Clanrye International
Publication Year 2025
300 ## - PHYSICAL DESCRIPTION
Extent 216;. pages; 25 cm
650 ## - SUBJECT ADDED ENTRY--TOPICAL TERM
Subject Multivariate Analysis; Statistic; Mathematics
942 ## - ADDED ENTRY ELEMENTS (KOHA)
Koha item type Books
Holdings
Withdrawn status Lost status Source of classification or shelving scheme Damaged status Not for loan Home library Current library Shelving location Accession Date Vendor Price Bill number Full call number Barcode No Date last seen Discount Bill Date Koha item type Suggested By
    Dewey Decimal Classification     IMTN IMTN Rack 19-A 03/28/2025 Raghav Books Private Limited 12912.32 2374 519.535 MAX 33865 04/11/2025 33 02/14/2025 Books Dr. Mantha Raghu (Head Librarian)
Designed & Maintained by: LRC IMT Nagpur Contact: lrc@imtnag.ac.in© 2024. All Rights Reserved.